Quản trị rủi ro tài chính
Na minha lista:
| Autor principal: | |
|---|---|
| Formato: | Livro |
| Publicado em: |
Hà Nội
Thống kê
2009
|
| Tags: |
Adicionar Tag
Sem tags, seja o primeiro a adicionar uma tag!
|
| Thư viện lưu trữ: | Trung tâm Học liệu Lê Vũ Hùng, Trường Đại học Đồng Tháp |
|---|
| LEADER | 00594pam a22002058a 4500 | ||
|---|---|---|---|
| 001 | 00039418 | ||
| 005 | 20171026081025.0 | ||
| 008 | 170519s2009 ||||||Viesd | ||
| 041 | 0 | # | |a Vie |
| 082 | 1 | 4 | |a 658 |b QU105TR |
| 100 | 1 | # | |a Nguyễn, Minh Kiều |
| 245 | 1 | 0 | |a Quản trị rủi ro tài chính |c Nguyễn Minh Kiều |
| 260 | # | # | |a Hà Nội |b Thống kê |c 2009 |
| 300 | # | # | |a 492tr. |c 21 cm |
| 852 | # | # | |b Kho đọc |j KD.1002618 |
| 910 | |d 19/05/2017 | ||
| 980 | # | # | |a Trung tâm Học liệu Lê Vũ Hùng, Trường Đại học Đồng Tháp |